Les 5 Capitales les plus proches de Basseterre, Belmopan, Bichkek, Bogota et Brasilia - Statistiques

Statistiques générales
  • Ce quiz a été pris 57 fois
  • Le résultat moyen est 20 sur 25
Statistiques - réponses
Réponse % Correct
Buenos Aires
98%
Caracas
98%
Montevideo
98%
Panama
98%
Quito
98%
Asuncion
89%
Guatemala
89%
Tegucigalpa
89%
San José
87%
Astana
84%
San Salvador
84%
La Paz
82%
Managua
82%
Tachkent
80%
Castries
76%
Douchanbé
76%
La Havane
76%
Kaboul
75%
Kingstown
75%
Sucre
75%
Islamabad
67%
Roseau
67%
Saint John's
65%
Port d'Espagne
62%
Bridgetown
60%
Aucun quiz correspondant
Distribution des résultats
% des personnes avec chaque résultat
Percentile par nombre de réponses
Votre historique - résultats
Vous n’avez pas pris ce quiz